00450nam a22001337a 4500010001500000020002600015035001400041082001300055245008000068260004300148270007500191300002100266700002900287 aENG-138246 a9789380945620c900.00 aEN-121778 a343.5408 aReflections on some recent legal issue/cEdited By Siya Ram ShuklahEnglish aDelhibEduacational book servicec2015 aN-3/25A, D.K. Road, Mohan garden, uttam nagar,new delhibDelhie110059 a279p.c23cm(hbk) aShukla, Siya RameEditor